000 00679nam a22002417a 4500
001 84777
003 UA-OsUOA
005 20201227131817.0
007 ta
008 20120608b un ||||| |||| 00| 0 ukr d
040 _aUA-OsUOA
_bukr
_cUA-OsUOA
_dUA-OsUOA
041 _aukr
080 _a821.161.2
090 _a821.161.2
_bЗ-42
100 _aЗварич П.
245 _aСпомини
_b1877-1904
260 _aВінніпег
_c1976
_bТризуб
300 _a235 с.
650 7 _a82 Література. Літературознавство
_2UDC
942 _cBK
_2udc
955 _a3
999 _c371090
_d371090